Name every empire - Statistics

General Stats
  • This quiz has been taken 698 times
  • The average score is 43 of 277
Answer Stats
Answer % Correct
British
86%
Roman (EMPIRE)
81%
Roman (REPUBIC)
81%
Russia
80%
Spanish
79%
German
78%
Mongol
78%
Ottoman
76%
Japanese
72%
Portuguese
70%
Qin
69%
Aztec
61%
Austria-Hungary
60%
Italian
59%
USSR
57%
Byzantine
55%
Dutch
54%
Macedon
53%
Swedish
53%
Qing
50%
Danish
46%
Ming
46%
Brazilian
45%
Han
43%
Belgian
42%
Egyptian
42%
Holy Roman
42%
Mughal
42%
Song
41%
Abbasid
40%
Mali
40%
Umayyad
40%
Korean
39%
Yuan
37%
Achaemenid
34%
Serbian
31%
Tang
31%
Assyria
30%
Incan
30%
Nazi Germany
30%
Polish Lithuanian
30%
French Colonial
29%
Golden Horde
28%
Mauryan
28%
Babylonian
27%
Khmer
27%
Timurid
26%
Xia
26%
Prussia
25%
Rashidun
25%
Safavid
25%
Armenian
24%
Jin
24%
Chola
23%
Fatimid
23%
Georgia
23%
Ghana
23%
Hunnic
23%
Carthaginian
22%
Delhi
22%
Gupta
22%
Russian
22%
Seljuk
22%
Frankish
21%
Kazakh
21%
Majapahit
21%
Mamluk
21%
Siam
21%
Tibetan
21%
Akkadian
20%
Maratha
20%
Parthian
20%
Sassanid
20%
Ilkhanate
19%
Oman
19%
Seleucid
19%
Zulu
19%
Western Roman
18%
Austrian
17%
Bengal
17%
Shang
17%
Zhou
17%
Israel
16%
North Sea
16%
Afsharid
15%
British Raj
15%
Kush
15%
Pala (DYNASTY)
15%
Pala (EMPIRE)
15%
Sikh
15%
Srivijaya
15%
Uzbek
15%
Xin
15%
1st French
14%
Ayyubid
14%
Ghaznavid
14%
Gokturk
14%
Goryeo
14%
Joseon
14%
Ptolemaic
14%
Songhai
14%
Almohad
13%
Chagatai
13%
Hittite
13%
Sui
13%
Almoravid
12%
Cordoba
12%
Kalmar
12%
Kong
12%
Liao
12%
Nanda
12%
Oyo
12%
Qajar
12%
Rum
12%
Uyghur
12%
Venetian
12%
Abyssinia
11%
Angevin
11%
Benin
11%
Goguryeo
11%
Pagan
11%
Vijayanagara
11%
1st Bulgarian
10%
1st Mexican
10%
2nd Bulgarian
10%
Aceh
10%
Ashanti
10%
Crimean
10%
Durrani
10%
England
10%
Ghurid
10%
Khwarazmian
10%
Kushan
10%
Latin
10%
Median
10%
Samanid
10%
2nd Mexican
9%
Brunei
9%
Gallic
9%
Pahlavi
9%
Shunga
9%
Central African
8%
Chalukya
8%
Hotak
8%
Khazar
8%
Lodi
8%
Sokoto
8%
Sur
8%
Ahom
7%
Aq Qoyunlu
7%
Aragon
7%
Chera
7%
Omani
7%
Pandyan
7%
Rashtrakuta
7%
Trebizond
7%
Tui Tonga
7%
Vandal
7%
Western Chalukya
7%
Aksumite
6%
Britannic
6%
Buyid
6%
Gurjara-Pratihara
6%
Harsha
6%
Kanem
6%
Lakota
6%
Palmyrene
6%
Zand
6%
Africa
5%
Bornu
5%
Cao Wei
5%
Chenla
5%
Comanche
5%
Eastern Chalukya
5%
Elamite
5%
Gaza
5%
Gorkha
5%
Greater Bulgaria
5%
Malacca
5%
Nguyen
5%
Northern Yuan
5%
Saffarid
5%
Shu Han
5%
Sulu
5%
Toltec
5%
Wassoulou
5%
Western Xia
5%
Bamana
4%
Funan
4%
Genoese
4%
Hephthalite
4%
Jolof
4%
Judah
4%
Qara Qoyunlu
4%
Rouran
4%
Toungoo
4%
Wari
4%
Akwamu
3%
Aulikara
3%
Balhae
3%
Burgundian
3%
Congo Free
3%
Dacian
3%
Hafsid
3%
Hoysala
3%
Idrisid
3%
Johor
3%
Kaabu
3%
Kievian Rus
3%
Konbaung
3%
Massina
3%
Mitanni
3%
Neo Sumerian
3%
Nicaea
3%
Pontic
3%
Qara Khitai
3%
Satavahana
3%
Tahirid
3%
Aghlabid
2%
Ajuran
2%
D'mt
2%
Great Fulo
2%
Great Moravian
2%
Kara Khanid
2%
Later Le
2%
Manchukuo
2%
Marinid
2%
Numidia
2%
Odrysian
2%
Saadi
2%
Singhasari
2%
Tay Son
2%
Thessalonica
2%
Tondo
2%
Zirids
2%
Alaouite
1%
Baduspanid
1%
Banten
1%
Bavand
1%
Cebu
1%
Chavin
1%
Demak
1%
Hanseatic
1%
Kanva
1%
Khiji
1%
Mataram
1%
Mauretania
1%
Rozwi
1%
Savoy
1%
Ternate
1%
Tidore
1%
Tlemcen
1%
Toucouleur
1%
Turgesh
1%
Uyunid
1%
Varman
1%
Chauhun
0%
Husainid
0%
Kachari
0%
Kadamba
0%
Madurai Nayak
0%
Marhasi
0%
Mlechchha
0%
Ramnad
0%
Rustamid
0%
Saudeleur
0%
Siak Sri Indrapura
0%
Thanjavur Nayak
0%
Thessaonica
0%
Wadiyar
0%
Wattasids
0%
No matching quizzes found
Score Distribution
Percent of People with Each Score
Percentile by Number Answered
Your Score History
You have not taken this quiz